Normal view
MARC view
- MS-COMPUTER ENGINEERING MSTHESIS
Entry Topical Term
001 - CONTROL NUMBER
- control field: 69757
003 - CONTROL NUMBER IDENTIFIER
- control field: NUST
005 - DATE AND TIME OF LATEST TRANSACTION
- control field: 20210628204305.0
008 - FIXED-LENGTH DATA ELEMENTS
- fixed length control field: 210628|| aca||aabn | a|a d
040 ## - CATALOGING SOURCE
- Original cataloging agency: NUST
- Transcribing agency: NUST
150 ## - HEADING--TOPICAL TERM
- Topical term or geographic name entry element: MS-COMPUTER ENGINEERING MSTHESIS
670 ## - SOURCE DATA FOUND
- Source citation: Work cat.: (NUST): Bushra Khalid 69756, TH-SOF-1621-Imaging Solution by a Fusion of Thermal and Color Images using the Convolutional Neural Network, 2019
